Statistics for Nejoblíbenější jména dětí v ČR v roce 2019

Click here to take the quiz!

General Stats

  • This quiz has been taken 50 times
  • The average score is 21 of 40

Answer Stats

pořadíjméno% Correct
2.Jan
98%
1.Jakub
88%
1.Eliška
86%
2.Anna
84%
17-18.Petr
84%
4.Tereza
84%
3.Tomáš
81%
8.Lukáš
79%
9.Martin
70%
5.Adam
67%
12.Daniel
63%
10.Matěj
63%
3.Adéla
60%
7-8.Karolína
60%
4.Matyáš
58%
13-14.David
56%
17.Emma
56%
16.Michal
56%
13.Barbora
53%
6.Filip
53%
12.Kristýna
53%
9.Natálie
53%
11.Ondřej
53%
7.Vojtěch
53%
16.Klára
47%
7-8.Ema
44%
20.Marek
42%
13-14.Dominik
37%
14.Nela
37%
17-18.Štěpán
37%
10.Amálie
35%
5.Sofie
35%
11.Julie
30%
6.Viktorie
28%
18.Anežka
26%
19.Tobiáš
26%
20.Sára
19%
15.Antonín
14%
15.Laura
14%
19.Rozálie
12%

Score Distribution

Percentile by Number Answered

Percent of People with Each Score

Your Score History

You have not taken this quiz